• 首页
  • 本馆介绍
  • 公告通知
  • 最新文献
  • 馆藏检索
  • 电子资源
  • 读者导购
  • 参考咨询
  • 我的图书馆
  • 登录
  • 详细信息显示
  • 放入我的书架
  • 预约/预借图书
  • 作者相关作品
  • 分类相关作品
  • 丛书相关作品
  • 出版社相关作品

书目信息

  • 表格格式
  • 工作单格式
  • 卡片格式
题名:
海外遗珍
    
 
作者: 叶佩兰 主编
分册: 卷四   陶瓷
出版信息: 北京   北京大学出版社  2016
页数: 318页
开本: 26cm
丛书名:
单 册:
中图分类: K870.2 , K87
科图分类:
主题词: 文物--中国--图集 , 瓷器(考古)--中国--图集
电子资源:
ISBN: 978-7-301-27051-6
000 00999nam0 2200253 450
001 1649330888
005 20160804023016.0
010    @a978-7-301-27051-6@dCNY198.00
100    @a20160715d2016 em y0chiy50 ea
101 0  @achi
102    @aCN@b110000
105    @aa z 000yy
106    @ar
200 1  @a海外遗珍@9hai wai yi zhen@i陶瓷@h卷四@i清代陶瓷@dChinese art in overseas collections ceramics@hVolume four@f叶佩兰主编@zeng
210    @a北京@c北京大学出版社@d2016
215    @a318页@c图@d26cm
330    @a本书是《海外遗珍.陶瓷》中的第四卷,精选了美国印第安纳波利斯艺术博物馆、美国耶鲁大学艺术陈列馆、美国普林斯顿大学艺术博物馆等22家著名博物馆中清代时期的陶瓷藏品,多角度、高清晰地展示了这些珍品不可复制的珍稀之美。
510 1  @aChinese art in overseas collections ceramics@hVolume four@zeng
606 0  @a文物@y中国@j图集
606 0  @a瓷器(考古)@y中国@j图集
690    @aK870.2@v5
690    @aK87@v4
701  0 @a叶佩兰@9ye pei lan@c(女,@f1937-)@4主编
905    @aBZT@dK87@e14-4
    
    海外遗珍.陶瓷.卷四.清代陶瓷=Chinese art in overseas collections ceramics.Volume four/叶佩兰主编.-北京:北京大学出版社,2016
    318页:图;26cm
    
    
    ISBN 978-7-301-27051-6:CNY198.00
    本书是《海外遗珍.陶瓷》中的第四卷,精选了美国印第安纳波利斯艺术博物馆、美国耶鲁大学艺术陈列馆、美国普林斯顿大学艺术博物馆等22家著名博物馆中清代时期的陶瓷藏品,多角度、高清晰地展示了这些珍品不可复制的珍稀之美。
●
相关链接 在五车中查询图书 在当当中查询图书 在豆瓣中查询图书


正题名:海外遗珍     索取号:K87/14-4         预约/预借

序号 登录号 条形码 馆藏地/架位号 状态 备注
1 807256   2000807256   第二书库/ [索取号:K87/14-4] 在馆    
2 807257   2000807257   第二书库/ [索取号:K87/14-4] 在馆    
3 807258   2000807258   第二书库/ [索取号:K87/14-4] 在馆    
山东省滨州职业学院图书馆 欢迎您!
大连网信软件有限公司© 版权所有